[Event "AUT-ch U12 Girls"]
[Site "St Kanzian"]
[Date "2018.05.20"]
[Round "3.9"]
[White "Angerer, Miriam"]
[Black "Warmuth, Antonia"]
[Result "0-1"]
[WhiteElo "884"]
[BlackElo "904"]
[PlyCount "46"]
[EventDate "2018.05.19"]
[EventType "swiss"]
[EventRounds "7"]
[EventCountry "AUT"]
[SourceTitle "EXT 2024"]
[Source "ChessBase"]
[SourceDate "2023.10.10"]
[SourceVersion "1"]
[SourceVersionDate "2023.10.10"]
[SourceQuality "1"]

1. e4 e5 2. Nf3 Nc6 3. Nc3 Nf6 4. Bc4 Bb4 5. 0-0 0-0 6. d3 d6 7. Bg5 Bg4 8. a3 Bc5 9. h3 Bh5 10. Bxf6 Qxf6 11. Nd5 Qe6 12. Nxc7 Qd7 13. Nxa8 Rxa8 14. Bd5 Nd4 15. b4 Nxf3+ 16. gxf3 Bd4 17. c3 Bxc3 18. Rb1 Bd4 19. b5 Qxh3 20. Bxb7 Rb8 21. Rc1 h6 22. Bd5 Bxf3 23. Qe1 Qg2# 0-1